| 000 | 00516nam a22001697a 4500 | ||
|---|---|---|---|
| 003 | BD-ChCU | ||
| 005 | 20251123094938.0 | ||
| 008 | 251123b bg ||||| |||| 00| 0 ben d | ||
| 040 | _cBD-ChCU | ||
| 082 | _a574.072 SOB(2) | ||
| 100 |
_aSokal, Robert R. and Rohlf, F. James. _916579 |
||
| 245 |
_aBiometry : _bthe principle& practice of statistics in biological research. _cRobert R. Sokal. |
||
| 260 |
_aNew York _bW. H. Freeman _c1981 |
||
| 300 | _axviii, 859p | ||
| 650 | 0 |
_aBiology. _916580 |
|
| 942 |
_2ddc _cBK _n0 |
||
| 999 |
_c109665 _d109665 |
||